000 00492pab a2200157 454500
008 180718b2006 xxu||||| |||| 00| 0 eng d
100 _aAalbers, Manuel B.
245 _a`When the banks withdraw, slum landlords take over': the structuration of neighbourhood decline through redlining, drug dealing, speculation and immigrant exploitation
260 _c2006
300 _ap.1061-086.
362 _aJun
650 _aImmigrants
773 _aUrban Studies
908 _aN
909 _a74995
999 _c74995
_d74995